000 00395nam a22001457a 4500
020 _a818858280-8
082 _a884.812.3
_bANI/J
100 _aANILKUMAR, A.V
245 _aJEEVITHATHIL ORIKKAL MATHRAM SAMBAVIKKUNNAVA
_bORU PATHRAPRAVARTHAKANTE ANESHANA YATHRAKAL
260 _aTHRISSUR
_bGREEN BOOKS PRIVATE LIMITED
_c2005
300 _a115
520 _aNOVEL
650 _aNOVEL
942 _cBK
999 _c5487
_d5487